000 00375nam a2200145Ia 4500
008 210210b1964 xxu||||| |||| 00| 0 eng d
082 _a512 BIRB
100 _aBIRKHOFF (Garrett) & MAC LANE (Sunders).
245 _aBrief survey of modern algebra.
260 _aNY
_bMacmillan & Co. Ltd.
_c1964
300 _a276
650 _aAlgebra
690 _aAlgebra
906 _a030898
999 _c81957
_d81957